书目信息 |
| 题名: |
现代机床夹具设计要点
|
|
| 作者: | 吴拓 编著 | |
| 分册: | ||
| 出版信息: | 北京 化学工业出版社 2016 |
|
| 页数: | 247页 | |
| 开本: | 26cm | |
| 丛书名: | ||
| 单 册: | ||
| 中图分类: | TG750 | |
| 科图分类: | ||
| 主题词: | 机床夹具--ji chuang ga ju--设计 , 机床夹具--ji chuang ga ju , 设计--she ji | |
| 电子资源: | ||
| ISBN: | 978-7-122-27115-0 | |
| 000 | 01053nam0 2200277 450 | |
| 001 | 012017000494 | |
| 005 | 20180111090521.76 | |
| 010 | @a978-7-122-27115-0@b@dCNY69.00 | |
| 100 | @a20160921d2016 em y0chiy0121 ea | |
| 101 | 0 | @achi |
| 102 | @aCN@b110000 | |
| 105 | @aak a 000yy | |
| 106 | @ar | |
| 200 | 1 | @a现代机床夹具设计要点@Axian dai ji chuang ga ju she ji yao dian@f吴拓编著@g |
| 210 | @a北京@c化学工业出版社@d2016 | |
| 215 | @a247页@c图@d26cm | |
| 320 | @a有书目 | |
| 330 | @a本书从设计人员在机床夹具设计过程中的需要出发, 在讲解机床夹具设计的步骤、要求和方法等基本知识的基础上, 着重介绍了机床夹具的定位装置、夹紧机构及其他装置的设计要点, 并通过大量实例对常见的车床类夹具、铣床类夹具、钻床类夹具、镗床类夹具、现代机床夹具和其他机床夹具的典型结构和设计要点做了详细讲解。 | |
| 606 | 0 | @a机床夹具@Aji chuang ga ju@x设计 |
| 606 | 0 | @a机床夹具@Aji chuang ga ju |
| 606 | 0 | @a设计@Ashe ji |
| 690 | @aTG750@v5 | |
| 701 | 0 | @a吴拓@Awu ta@4编著 |
| 801 | 0 | @aCN@b湖北三新@c20161018@g |
| 905 | @aBZT@dTG750@e1 | |
| 906 | @dCNY69.00@n5@r1 | |
| 现代机床夹具设计要点/吴拓编著.-北京:化学工业出版社,2016 |
| 247页:图;26cm |
| ISBN 978-7-122-27115-0:CNY69.00 |
| 本书从设计人员在机床夹具设计过程中的需要出发, 在讲解机床夹具设计的步骤、要求和方法等基本知识的基础上, 着重介绍了机床夹具的定位装置、夹紧机构及其他装置的设计要点, 并通过大量实例对常见的车床类夹具、铣床类夹具、钻床类夹具、镗床类夹具、现代机床夹具和其他机床夹具的典型结构和设计要点做了详细讲解。 |
| ● |
| 相关链接 |
|
|
|
正题名:现代机床夹具设计要点
索取号:TG750/1
 
预约/预借
| 序号 | 登录号 | 条形码 | 馆藏地/架位号 | 状态 | 备注 |
| 1 | 846306 | 2000846306 | 第二书库/ [索取号:TG750/1] | 在馆 | |
| 2 | 846307 | 2000846307 | 第二书库/ [索取号:TG750/1] | 在馆 | |
| 3 | 846308 | 2000846308 | 第二书库/ [索取号:TG750/1] | 在馆 |